LDR 00798naa#a2200169#i#450# 001 EN\\bibl\20102 005 20260701130240.3 100 ## _a20260630b2026####ek#y0engy0150####ca 102 ## _aRU 200 1# _aAUTOMATION OF INCOMING BUSINESS DOCUMENT PROCESSING: ANALYSIS OF THE APPLICABILITY OF REGULAR EXPRESSIONS AND CONTEXTUAL LOGIC INSTEAD OF MACHINE LEARNING _eConference article/thesis 210 1# _aVoronezh _cFSBE Institution of Higher Education Voronezh State University of Forestry and Technologies named after G.F. Morozov _d2026 215 ## _a7 с. 608 ## _aConference article/thesis _2local 675 ## _aПрикладные информационные (компьютерные) технологии. 004.9 _z 700 #1 _aBordyuzha _gE. O. 700 #1 _aZarevich _gAnton Ivanovich 856 4# _abibl.vgltu.ru _u